Statistics for Law & Order: SVU Trivia

Click here to take the quiz!

General Stats

  • This quiz has been taken 96 times
  • The average score is 8 of 30

Answer Stats

HintAnswer% Correct
True or False? Olivia Benson is the longest serving character on the showTrue
99%
Carisi is Jesse and Billie Rollins' godfather? True or FalseTrue
99%
How many children does Benson have?1
80%
How many children did Stabler have until his departure?5
73%
Elliot Stabler was expected to return in which season?22
49%
George Huang became a series regular in which season?4
48%
Who kidnapped Olivia Benson?William Lewis
46%
What is the name of the actor that plays John Munch?Richard Belzer
39%
Alex Cabot was replaced by which character?Casey Novak
37%
Which daughter in the Stabler family was arrested for DUI?Kathleen Stabler
32%
Who is Olivia Benson's brother?Simon Marsden
24%
What is the name of the show that John Munch originally came from?Homicide: Life On The Street
22%
What is Carisi's full name?Dominick Carisi, Jr.
18%
What is the name of Benson's biological father?Joseph Hollister
15%
Ryan O'Halloran was killed by which character?Dale Stuckey
14%
What is the name of the Deputy Chief Medical Examiner that was a serial killer?Carl Rudnick
13%
In which episode does Chester Lake get arrested for murder?Cold
10%
In the episode Secrets Exhumed, Dana Lewis was arrested by which character?Nick Amaro
10%
What is the name of Olivia Benson's therapist?Peter Lindstrom
10%
Who framed Cragen for Carissa Gibson's murder?Bart Ganzel
8%
What is the name of the guest character that Cynthia Nixon was cast as?Janis Donovan
8%
Which episode did Stabler officially retire in?Scorched Earth
8%
Which episode did Ed Tucker die in?The Longest Night Of Rain
6%
What is the name of the pedophile that Pippa Cox was married to?Hank Abraham
5%
What is the name of the episode that Rollins shot her sister's abusive boyfriend?Deadly Ambition
4%
Christian Garland made his first appearance in which episode?Down Low In Hell's Kitchen
4%
Which episode does Carisi become an ADA?I'm Going To Make You A Star
4%
What is the name of the hitman that shot Alex Cabot?Liam Connors
4%
Which episode was Cragen arrested in after being framed for murder?Lost Reputation
4%
Who replaced Monique Jeffries in Season 2?Odafin "Fin" Tutuola
1%

Score Distribution

Percentile by Number Answered

Percent of People with Each Score

Your Score History

You have not taken this quiz